日本の鉄道車両の形式記号(カナ) - Statistics

General Stats
  • This quiz has been taken 31 times
  • The average score is 71 of 449
Answer Stats
Hint Answer % Correct
1
96%
1
96%
1
93%
2 クハ
93%
1
93%
3 クモハ
81%
2 サハ
81%
2 モハ
81%
2 キハ
78%
2 サロ
78%
2 クロ
74%
2 キロ
70%
1
67%
1
67%
1
63%
1
59%
3 クモロ
59%
2 デハ
59%
1
56%
1
56%
1
52%
3 クロハ
52%
1
52%
2 スハ
52%
2 マイ
52%
2 モロ
52%
1
52%
1
48%
2 オハ
48%
2 コキ
48%
3 サハネ
48%
3 サロハ
48%
2 スシ
48%
1
48%
1
48%
1
48%
4 クモロハ
44%
2 クヤ
44%
2 サシ
44%
3 スハネ
44%
1
44%
1
44%
1
44%
2 ワム
44%
2 オロ
41%
3 キロハ
41%
3 クハネ
41%
3 サロネ
41%
3 スハフ
41%
2 スロ
41%
3 マイテ
41%
3 マイネ
41%
3 マロネ
41%
3 モハネ
41%
1
41%
2 オシ
37%
3 オハネ
37%
3 クモヤ
37%
3 クモル
37%
4 スハネフ
37%
3 スロネ
37%
1
37%
2 ホキ
37%
1
37%
1
37%
4 オハネフ
33%
2 カニ
33%
3 キサハ
33%
2 キニ
33%
3 クモユ
33%
4 クモユニ
33%
1
33%
1
33%
2 タキ
33%
2 チキ
33%
1
33%
1
33%
1
33%
1
33%
4 マイネフ
33%
2 モヤ
33%
1
33%
2 オイ
30%
3 オハフ
30%
3 オロネ
30%
3 オロハ
30%
4 キサロハ
30%
2 キヤ
30%
2 クシ
30%
3 コキフ
30%
4 スロネフ
30%
2 デロ
30%
1
30%
1
30%
2 ワキ
30%
2 ワラ
30%
2 キユ
26%
3 クモニ
26%
2 クル
26%
2 シキ
26%
2 デニ
26%
2 トキ
26%
2 ナハ
26%
2 マハ
26%
3 マハネ
26%
4 マロネフ
26%
1
26%
3 オイネ
22%
2 オヤ
22%
2 オユ
22%
3 キイテ
22%
4 キサイネ
22%
3 キハユ
22%
6 サロハユニフ
22%
2 サヤ
22%
3 スロハ
22%
3 スロフ
22%
2 デキ
22%
2 デヤ
22%
2 トラ
22%
3 ハイモ
22%
2 マニ
22%
2 マヤ
22%
2 ヲキ
22%
3 オイテ
19%
2 オニ
19%
3 キサシ
19%
2 キシ
19%
4 キハユニ
19%
3 キユニ
19%
2 キラ
19%
2 キワ
19%
4 クモハユ
19%
5 クモハユニ
19%
2 スニ
19%
2 デイ
19%
2 デト
19%
3 ナハネ
19%
4 ナハネフ
19%
3 ナハフ
19%
2 ナロ
19%
3 ナロネ
19%
1
19%
1
19%
2 ホハ
19%
2 マシ
19%
2 モニ
19%
3 モハシ
19%
2 モボ
19%
2 レサ
19%
2 ロネ
19%
2 ロハ
19%
4 オイネフ
15%
4 オクハテ
15%
3 オハテ
15%
3 カハフ
15%
3 カヤ
15%
3 キクハ
15%
3 キハニ
15%
3 キロシ
15%
2 クユ
15%
2 コハ
15%
2 コラ
15%
3 サハシ
15%
1
15%
2 スユ
15%
3 スユニ
15%
3 スロシ
15%
2 チラ
15%
2 デボ
15%
3 デロハ
15%
2 ナニ
15%
1
15%
2 ホサ
15%
2 マユ
15%
3 マユニ
15%
2 ミキ
15%
3 モハニ
15%
3 モハユ
15%
4 モハユニ
15%
2 レキ
15%
2 レム
15%
3 ヲキフ
15%
3 アケチ
11%
2 イロ
11%
4 オハテフ
11%
3 オハユ
11%
4 オハユニ
11%
3 オユニ
11%
3 オロフ
11%
1
11%
2 クエ
11%
2 クキ
11%
2 クニ
11%
2 コム
11%
2 サニ
11%
3 サハニ
11%
2 スイ
11%
3 スイネ
11%
3 スハテ
11%
2 スヤ
11%
4 スロハフ
11%
2 セキ
11%
2 セラ
11%
2 タム
11%
2 ツム
11%
2 デカ
11%
2 ナシ
11%
2 ナヤ
11%
3 ナユニ
11%
1
11%
2 ハニ
11%
2 ハフ
11%
2 ポム
11%
2 ホラ
11%
2 ホロ
11%
3 モユニ
11%
3 レムフ
11%
2 ワフ
11%
3 ワムフ
11%
2 ウキ
7%
4 オイネロ
7%
3 オイロ
7%
2 オト
7%
2 オヌ
7%
3 オハシ
7%
3 オハニ
7%
4 オロネロ
7%
3 キクシ
7%
2 クタ
7%
2 クテ
7%
3 クハニ
7%
3 クハユ
7%
2 クム
7%
2 ケハ
7%
2 コニ
7%
2 コヤ
7%
3 コユニ
7%
3 サハユ
7%
4 サハユニ
7%
3 スイテ
7%
4 スイネフ
7%
3 スハシ
7%
3 スハニ
7%
3 スハユ
7%
4 スハユニ
7%
3 スロニ
7%
2 セム
7%
2 タサ
7%
2 チサ
7%
2 デオ
7%
4 デハユニ
7%
3 ナハニ
7%
4 ナロネロ
7%
2 ハユ
7%
2 ホシ
7%
2 ホニ
7%
2 ボハ
7%
3 ホハフ
7%
2 ホユ
7%
3 ホユニ
7%
4 マイネロ
7%
2 マヌ
7%
2 ユニ
7%
2 ヲハ
7%
3 イロネ
4%
4 イロネフ
4%
4 オイネシ
4%
4 オイネテ
4%
3 オテン
4%
3 オニフ
4%
2 オル
4%
3 オロシ
4%
3 オロニ
4%
3 カホ
4%
3 キテツ
4%
2 クト
4%
4 クハユニ
4%
2 クヨ
4%
2 コデ
4%
3 コハフ
4%
3 コハユ
4%
2 ジハ
4%
2 スエ
4%
2 スヌ
4%
2 スミ
4%
2 スム
4%
3 セムフ
4%
2 テキ
4%
2 デチ
4%
2 デナ
4%
2 テム
4%
2 テラ
4%
2 デワ
4%
2 ナエ
4%
3 ナガラ
4%
2 ナヌ
4%
3 ナハユ
4%
4 ナハユニ
4%
3 ナロシ
4%
3 ナロハ
4%
4 ナロハニ
4%
4 ナロハネ
4%
4 ナロハフ
4%
2 ハテ
4%
2 ハボ
4%
2 ピフ
4%
2 フハ
4%
3 フラワ
4%
2 ヘハ
4%
2 ホイ
4%
2 ホヌ
4%
3 ボハフ
4%
2 ホミ
4%
3 マイシ
4%
5 マイロネフ
4%
3 マハシ
4%
3 マロシ
4%
2 ミム
4%
2 ミラ
4%
2 モカ
4%
2 モト
4%
2 モヨ
4%
2 リム
4%
2 レテ
4%
2 レナ
4%
3 ロネロ
4%
2 ロボ
4%
3 ワサフ
4%
2 ワブ
4%
2 ヲジ
4%
2 イセ
0%
3 イネイ
0%
3 イネシ
0%
3 イネロ
0%
3 オイシ
0%
5 オイロネフ
0%
2 オエ
0%
2 オチ
0%
3 オトク
0%
2 オヘ
0%
2 オミ
0%
5 オロネワシ
0%
3 キホハ
0%
4 キホハニ
0%
3 クケン
0%
2 ケキ
0%
3 ケキハ
0%
3 ケコハ
0%
4 ケコユニ
0%
2 ケタ
0%
2 ケチ
0%
2 ケワ
0%
3 ケワフ
0%
3 コロハ
0%
4 サハニフ
0%
3 サハフ
0%
5 サハユニフ
0%
4 スイロネ
0%
5 スイロネフ
0%
4 スイロフ
0%
3 ステン
0%
3 ストク
0%
2 スヘ
0%
3 スヘフ
0%
2 セフ
0%
3 セミボ
0%
2 チク
0%
3 チホニ
0%
3 デキカ
0%
3 デセホ
0%
3 デハワ
0%
2 トチ
0%
3 ナイシ
0%
4 ナイネロ
0%
5 ナイロネフ
0%
4 ナイロフ
0%
2 ナチ
0%
2 ナデ
0%
3 ナロフ
0%
4 ナロヘフ
0%
4 ナロワシ
0%
3 ナワシ
0%
2 ハト
0%
2 ハブ
0%
3 ハユフ
0%
3 ハユブ
0%
2 ピブ
0%
3 ブオイ
0%
3 ブオシ
0%
3 ブオネ
0%
3 ブオロ
0%
4 フコイロ
0%
3 フコハ
0%
4 フコハユ
0%
3 フコユ
0%
3 フコロ
0%
4 フコロハ
0%
3 フスイ
0%
4 フスイネ
0%
3 フスロ
0%
3 ブトク
0%
3 ブハボ
0%
3 フハユ
0%
4 フホイロ
0%
3 フホハ
0%
2 ブボ
0%
2 フミ
0%
3 ブロボ
0%
3 ホイシ
0%
3 ホイヘ
0%
3 ホイロ
0%
4 ホイロフ
0%
3 ホクハ
0%
3 ホサハ
0%
2 ホジ
0%
2 ホデ
0%
3 ホデハ
0%
3 ホハニ
0%
3 ホハヤ
0%
3 ホハユ
0%
4 ホハユニ
0%
3 ホヘ八
0%
3 ホヘ九
0%
3 ホヘ中
0%
3 ホヘサ
0%
2 ホヤ
0%
3 ホロシ
0%
3 ホロハ
0%
4 ホロハニ
0%
4 ホロハフ
0%
3 ホロフ
0%
3 ホロヘ
0%
4 ホロワシ
0%
3 ホワシ
0%
2 ミヤ
0%
2 ムチ
0%
3 モオカ
0%
2 モタ
0%
3 ユニフ
0%
2 ユブ
0%
2 ヨシ
0%
3 ヨソ六
0%
3 ヨソ八
0%
2 ヨテ
0%
2 ヨト
0%
3 ヨヘロ
0%
2 ヨユ
0%
2 レカ
0%
No matching quizzes found
Score Distribution
Percent of People with Each Score
Percentile by Number Answered
Your Score History
You have not taken this quiz